| 000 | 00474nam a22001937a 4500 | ||
|---|---|---|---|
| 003 | MPLRDC | ||
| 005 | 20220104143610.0 | ||
| 008 | 210129b ||||| |||| 00| 0 eng d | ||
| 020 | _a957-621-647-8 | ||
| 082 | _a312.91653 LJF | ||
| 100 | _a李建复 | ||
| 245 |
_a李建复@ 网路生活 _c |
||
| 250 | _a第一版 | ||
| 260 |
_a _b天下远见 _c2000 |
||
| 300 | _b平 | ||
| 490 | _a天下人知识系列. 25 | ||
| 650 | _a网际网路 | ||
| 942 |
_cBK _o312.91653 LJF |
||
| 999 |
_c41485 _d41475 |
||